Polymer processing / (Record no. 4427)
[ view plain ]
| 000 -LEADER | |
|---|---|
| fixed length control field | 00668cac a22001931u 4500 |
| 090 ## - LOCALLY ASSIGNED LC-TYPE CALL NUMBER (OCLC); LOCAL CALL NUMBER (OCLC) | |
| -- | 4427 |
| 008 - FIXED-LENGTH DATA ELEMENTS--GENERAL INFORMATION | |
| fixed length control field | 081104t xxu||||| |||| 00| 0 eng d |
| 010 ## - LIBRARY OF CONGRESS CONTROL NUMBER | |
| LC control number | 62008780 |
| 035 ## - SYSTEM CONTROL NUMBER | |
| System control number | (OCoLC)288202 |
| 082 ## - DEWEY DECIMAL CLASSIFICATION NUMBER | |
| Classification number | 660.28448 |
| Item number | MCK |
| 100 ## - MAIN ENTRY--PERSONAL NAME | |
| Personal name | McKelvey, James M. |
| 245 10 - TITLE STATEMENT | |
| Title | Polymer processing / |
| Statement of responsibility, etc | James M.McKelvey. |
| 260 ## - PUBLICATION, DISTRIBUTION, ETC. (IMPRINT) | |
| Place of publication, distribution, etc | New York: |
| Name of publisher, distributor, etc | Wiley, |
| Date of publication, distribution, etc | c.[1962] |
| 300 ## - PHYSICAL DESCRIPTION | |
| Extent | 409 p. |
| Other physical details | ill; |
| Dimensions | 24 cm. |
| 504 ## - BIBLIOGRAPHY, ETC. NOTE | |
| Bibliography, etc | Includes bibliography. |
| 650 #0 - SUBJECT ADDED ENTRY--TOPICAL TERM | |
| Topical term or geographic name as entry element | Polymers and polymerization. |
| 942 ## - ADDED ENTRY ELEMENTS (KOHA) | |
| Item type | Book - Borrowing |
| Call number prefix | 660.28448MCK |
| Source of classification or shelving scheme | Dewey Decimal Classification |
| Withdrawn status | Item status | Source of classification or shelving scheme | Damaged status | Not for loan | Home library | Current library | Shelving location | Date acquired | Source of acquisition | Total Checkouts | Full call number | Barcode | Date last seen | Koha item type |
|---|---|---|---|---|---|---|---|---|---|---|---|---|---|---|
| Dewey Decimal Classification | Central Library | Central Library | First floor | 07/09/2006 | Purchase | 660.28448 MCK | 000005362 | 15/07/2025 | Book - Borrowing |